| 000 | 00405nam a2200133Ia 4500 | ||
|---|---|---|---|
| 008 | 191014s9999 xx 000 0 und d | ||
| 020 | _a981-023586-0 | ||
| 082 |
_a530.1435 _bCHO |
||
| 100 |
_aY.M.Cho,S . Nam _923984 |
||
| 245 | 0 | _aProceedings of the APCTP Winter School Dualities in Gauge and String Theories | |
| 260 |
_aSingapore _bWorld Scientific Company _c1997 |
||
| 300 | _aViii,399 | ||
| 942 | _cBK | ||
| 999 |
_c531171 _d531171 |
||